Guess the Country In Their Own Language - Statistics

General Stats
  • This quiz has been taken 45 times
  • The average score is 15 of 27
Answer Stats
Hint Answer % Correct
Norge Norway
93%
Sverige Sweden
93%
Bāṁlādesh Bangladesh
88%
Österreich Austria
84%
Kýpros Cyprus
84%
Nippon Japan
77%
Suomi Finland
74%
Česko Czechia
70%
Ελλάς Greece
70%
Magyarország Hungary
67%
Hrvatska Croatia
65%
Қазақстан Kazakhstan
65%
Zhongguo China
60%
العراق Iraq
58%
Kâmpŭchéa Cambodia
56%
ประเทศไทย Thailand
56%
Crna Gora Montenegro
47%
Shqipëria Albania
42%
Lubnān Lebanon
42%
Mişr Egypt
40%
Монгол Mongolia
40%
Xinjiapo Singapore
30%
Hayastan Armenia
23%
Sak'art'velo Georgia
19%
Druk yul Bhutan
12%
Sesel Seychelles
12%
Dhivehi Raajje Maldives
9%
No matching quizzes found
Score Distribution
Percent of People with Each Score
Percentile by Number Answered
Your Score History
You have not taken this quiz